Country Population by Map - Random - Statistics

General Stats
  • This quiz has been taken 11 times
  • The average score is 10 of 20
Answers on the Map
Answers color-coded by a green-red scale on the quiz's map according to % correct below.
 
Answer Stats
Population Answer % Correct
1,416,096,094 China
80%
1,463,865,525 India
80%
143,997,393 Russia
80%
84,075,075 Germany
70%
285,721,236 Indonesia
70%
135,472,051 Ethiopia
60%
59,146,260 Iran
60%
255,219,554 Pakistan
60%
19,859,921 Chile
50%
118,365,995 Egypt
50%
933,154 Fiji
50%
123,103,479 Japan
50%
33,572 San Marino
40%
9,492 Tuvalu
40%
282,623 Barbados
30%
17,847,982 Cambodia
30%
398,266 Iceland
30%
26,571,036 North Korea
30%
18,908,650 Romania
30%
29,618,118 Nepal
20%
No matching quizzes found
Score Distribution
Percent of People with Each Score
Percentile by Number Answered
Your Score History
You have not taken this quiz